Vegetable growing handbook

Đã lưu trong:
書目詳細資料
主要作者: Walter E Splittstoesser
格式: 圖書
語言:Undetermined
出版: Connecticut AVI 1979
主題:
標簽: 添加標簽
沒有標簽, 成為第一個標記此記錄!
Thư viện lưu trữ: Trung tâm Học liệu Trường Đại học Cần Thơ
LEADER 00482nam a2200181Ia 4500
001 CTU_13338
008 210402s9999 xx 000 0 und d
082 |a 635 
082 |b S761 
100 |a Walter E Splittstoesser 
245 0 |a Vegetable growing handbook 
245 0 |c Walter E Splittstoesser 
260 |a Connecticut 
260 |b AVI 
260 |c 1979 
650 |a vegetable gardening 
904 |i Minh, 961126 
980 |a Trung tâm Học liệu Trường Đại học Cần Thơ